000 00541nam a2200169 i 4500
001 90802
003 ES-MaACL
005 20230906180551.0
007 t|
008 050125s1909 fr ||||1| fre d
100 1 _aLeclère, Albert.
_971097
245 1 2 _aL'education morale rationnelle /
_cAlbert Leclère ; ouvrage précédé d'une préface de Luigi Lurratti.
260 _aParís :
_b[s.n.,
_c1909] (
_eCoulommiers :
_fPaul Brodard)
300 _aXII, 291 p. ;
_c18 cm.
700 1 _aLurratti, Luigi.
_974851
852 _aES-MaACL
_jF-9295
999 _c90802
_d90802